Catálogos del Archivo Histórico: Fondo Presidencia de Quito

Αποθηκεύτηκε σε:
Λεπτομέρειες βιβλιογραφικής εγγραφής
Συγγραφή απο Οργανισμό/Αρχή: Ministerio de Relaciones Exteriores del Ecuador (Συγγραφέας)
Μορφή: Βιβλίο
Γλώσσα:Ισπανικά
Έκδοση: Quito Archivo Histórico del Ecuador 1996
Έκδοση:1a. ed
Θέματα:
Ετικέτες: Προσθήκη ετικέτας
Δεν υπάρχουν, Καταχωρήστε ετικέτα πρώτοι!

MARC

LEADER 00000nam a2200000 a 4500
001 UCG1446
003 CL-VaPUC
008 100506e19960000EC |||||||||||||||||spa|d
082 0 4 |a 027.09866  |b MIN  |2 21 
110 2 |a Ministerio de Relaciones Exteriores del Ecuador  |e author  |9 549386 
245 1 0 |a Catálogos del Archivo Histórico: Fondo Presidencia de Quito 
250 |a 1a. ed 
300 |a 50 p 
942 |c BK 
945 |d 20100506 00:00:00  |a rbrito 
260 |a Quito  |b Archivo Histórico del Ecuador  |c 1996 
500 |a v.1: Real Audiencia 
650 0 |a Archivos históricos  |9 442644 
650 0 |a Patrimonio cultural  |9 309364 
651 0 |a Ecuador  |9 258378 
583 |a last modification  |c 20100506 00:00:00  |k Rodrigo Vera 
999 |c 340812  |d 340810 
952 |0 0  |1 0  |4 0  |6 027_098660000000000_MIN_1996  |7 0  |8 X  |9 435847  |a FDOMLP  |b FDOMLP  |d 2019-11-22  |h v.1  |i 4669533  |o 027.09866 MIN 1996  |p 4669533  |r 2019-11-22  |w 2019-11-22  |y BK_X  |k BU2